|
|
|
|
| LEADER |
00000nam a22000007a 4500 |
| 005 |
20120130113543.0 |
| 007 |
cr|||| |||| |
| 008 |
120130s2012 cl |||||s|||| 00||0 spa d |
| 020 |
|
|
|a 956-10-1423-8
|
| 035 |
|
|
|a 6171
|
| 040 |
|
|
|a vLex
|
| 090 |
|
|
|c 2970
|d 2970
|
| 100 |
1 |
|
|a Chaigneau del Campo, Alberto
|
| 245 |
1 |
0 |
|a Tramitaciones en las cortes de apelaciones
|h [Recurso electrn̤ico] /
|c Alberto Chaigneau del Campo
|
| 256 |
|
|
|a Servicio en ln̕ea
|
| 260 |
|
|
|a [Chile] :
|b Editorial jurd̕ica de Chile,
|c 2012
|
| 300 |
|
|
|a 1 recurso electrn̤ico
|
| 490 |
1 |
|
|a Estudios jurd̕icos
|
| 500 |
|
|
|a De algunas materias sobre la organizacin̤ y atribuciones de las Cortes de Apelaciones; De la manera de resolver los asuntos en las Cortes de Apelaciones (tramitacin̤ de las causas); De los recursos de apelacin̤ de que conocen las Cortes de Apelaciones, recursos de apelacin̤ en las distintas causas o procedimientos; De otros recursos que conocen las Cortes de Apelaciones (recurso de amparo, de proteccin̤, amparo econm̤ico, nulidad, de casacin̤ en la forma, de hecho); De algunos incidentes que conocen las Cortes de Apelaciones; De algunas reclamaciones que conocen las Cortes de Apelaciones; De la tramitacin̤ de algunas causas que conoce un ministro de Corte de Apelaciones; De algunas materias de la jurisdiccin̤ disciplinaria de las Cortes de Apelaciones.
|
| 506 |
1 |
|
|a Contenido solo disponible en los productos indicados
|d vLex Global
|d vLex Global (Academic Edition, excluding Law Schools)
|d vLex Global (U.S. Academic Edition, Law Schools)
|d vLex Global (U.S. Academic Edition, excluding Law Schools)
|d vLex Global (Academic Edition, Law Schools)
|
| 610 |
1 |
|
|a Chile.
|b Tribunal de apelacin̤
|
| 740 |
0 |
|
|a vLex Libros (Servicio en ln̕ea)
|
| 856 |
4 |
0 |
|u http://vlex.com/source/6171
|z Acceso restringido
|
| 942 |
|
|
|c BOOK
|
| 999 |
0 |
|
|a Appellate courts
|